| 000 | 01094cab a2200205 4500 | ||
|---|---|---|---|
| 001 | ##L132327 | ||
| 008 | 060127n2006 000 0 eng u | ||
| 035 | _a(Sirsi) u132327 | ||
| 041 | 0 | _aeng | |
| 100 | 1 | _aBrewer, Geoff | |
| 245 | 0 | 0 | _aScant news in DTI analysis |
| 260 | _c2006 | ||
| 490 | 0 |
_aContract Journal _v431(6559) 25 January 2006, 27(1) |
|
| 520 | _aReviews the results of the DTI consultation into the payment and adjudication provisions of the Housing Grants,Construction and Regeneration Act 1996. The results highlight industry concern on a number of issues, including payment mechanisms and the powers of an adjudicator, but little guidance is given as to how these issues will be addressed. The DTI intends to issue a final package of proposed amendments to the Act in spring 2006, with actual amendments to be implemented later in the year. | ||
| 590 | _aIKA310106 | ||
| 650 | 2 | 4 | _aHOUSING GRANTS, CONSTRUCTION AND REGENERATION ACT 1996 |
| 650 | 2 | 4 | _aLATHAM REFORMS |
| 690 | _aBUILT ENVIRONMENT-CONSTRUCTION MANAGEMENT-BUILDING CONTRACT ADMINISTRATION | ||
| 942 | _n0 | ||
| 999 |
_c76402 _d76402 |
||